General Geography Quiz #1 - Statistics

General Stats
  • This quiz has been taken 45 times
  • The average score is 11 of 15
Answer Stats
Hint Answer % Correct
Adolf Hitler born was here. Austria
100%
_______ has the most FIFA World Cup titles. Brazil
92%
This Caribbean country produced the world's fastest sprinter. Jamaica
92%
This desert covers parts of China and Mongolia. Gobi
86%
Asuncion is its capital. Paraguay
81%
11 countries can say that the ______ River flows through them. Nile
78%
Widely considered to be the holiest city in the world. Mecca
76%
The hottest ever temperature was recorded here. Death Valley
70%
The most famous interstate in the U.S. is __________ Route 66
65%
The Khyber Pass ends in this country. Afghanistan
62%
The Hanging Gardens of Babylon are in this Mesopotamian city. Baghdad
62%
Ohio and _______ each produced 8 U.S. presidents. Virginia
59%
This country shares a flag with Indonesia. Monaco
57%
The name for people from Moscow. Muscovite
54%
Bhutan has a lot of these. Mountains
51%
No matching quizzes found
Score Distribution
Percent of People with Each Score
Percentile by Number Answered
Your Score History
You have not taken this quiz